| 000 | 00657nam a2200181 a 4500 | ||
|---|---|---|---|
| 008 | 061109s1980 ||||||||||||||||| || u | ||
| 020 | _a0435845772 | ||
| 050 | _aHT 395 Lee | ||
| 100 | _aLee, Derek | ||
| 245 | 1 | 0 | _aRegional planning and location of industry |
| 260 |
_aLondon _bHeinemann _c1980 |
||
| 300 | _aiv,139p.;ill | ||
| 350 | _a0.00 | ||
| 490 | _aStudies in the British economy | ||
| 650 | _aREGIONAL PLANNING--GREAT BRITAIN | ||
| 650 | _aIndustrial location--Great Britain | ||
| 995 |
_D0.00 _FCBU-MAIN LIBRARY (Kitwe) _H1 _I0.00 _M1 _UAVAILABLE _WNov 9, 2006 _ZAnnex Low-Usage Collection |
||
| 999 |
_c55921 _d55921 |
||